| 000 | 02231cam a22006137i 4500 | ||
|---|---|---|---|
| 001 | 2266 | ||
| 003 | FISKH | ||
| 005 | 20240119151818.0 | ||
| 008 | 140422t20132013nyuab c 000 1 eng d | ||
| 010 | _a 2014381419 | ||
| 020 | _a9780545459372 (pbk.) | ||
| 020 | _a0545459370 (pbk.) | ||
| 020 | _a9780545629812 | ||
| 020 | _a0545629810 | ||
| 040 |
_aBTCTA _beng _cBTCTA _erda _dBDX _dWIM _dOCLCO _dYDXCP _dWARTN _dFOLLT _dBPLCP _dIEP _dIHX _dDAD _dVP@ _dOCLCF _dDLC |
||
| 042 | _alccopycat | ||
| 043 | _aa-ja--- | ||
| 050 | 0 | 0 |
_aPZ7.T211115 _bIam 2013 |
| 082 | 0 | 4 |
_a813.54 _223 |
| 100 | 1 | _aTarshis, Lauren, | |
| 245 | 1 | 0 |
_aI survived the Japanese Tsunami, 2011 / _cby Lauren Tarshis ; illustrated by Scott Dawson. |
| 246 | 3 | 0 | _aJapanese Tsunami, 2011 |
| 260 |
_aNew York : _bScholastic, _c2013. |
||
| 300 |
_a83 pages : _billustrations, map ; _c20 cm |
||
| 336 |
_atext _2rdacontent |
||
| 337 |
_aunmediated _2rdamedia |
||
| 338 |
_avolume _2rdacarrier |
||
| 490 | 0 | _aI survived | |
| 505 | _aP | ||
| 520 | _aA massive earthquake and devastating tsunami hit Japan while Ben is visiting his late father's hometown, pulling Ben's family apart and leaving him stranded in a strange country during an epic disaster. | ||
| 521 | 8 |
_a650
_bLexile |
|
| 521 | 8 |
_aP
_bRaz-Plus |
|
| 611 | 2 | 7 |
_aTohoku Earthquake and Tsunami (Japan : 2011) _2fast |
| 648 | 7 |
_a2000 - 2099 _2fast |
|
| 650 | 0 |
_aTohoku Earthquake and Tsunami, Japan, 2011 _vJuvenile fiction. |
|
| 650 | 0 |
_aTsunamis _zJapan _vJuvenile fiction. |
|
| 650 | 1 |
_aTohoku Earthquake and Tsunami, Japan, 2011 _vFiction. |
|
| 650 | 1 |
_aTsunamis _zJapan _vFiction. |
|
| 650 | 1 |
_aAdventure and adventurers _vFiction. |
|
| 650 | 1 | _aHistorical fiction. | |
| 650 | 7 |
_aTsunamis. _2fast |
|
| 651 | 0 |
_aJapan _xHistory _y21st century _vJuvenile fiction. |
|
| 651 | 1 |
_aJapan _xHistory _vFiction. |
|
| 651 | 7 |
_aJapan. _2fast |
|
| 651 | 7 |
_aJapan _zTÅhoku Region. _2fast |
|
| 655 | 7 |
_aFiction. _2fast |
|
| 655 | 7 |
_aHistory. _2fast |
|
| 655 | 7 |
_aJuvenile works. _2fast |
|
| 655 | 7 |
_aAdventure fiction. _2gsafd |
|
| 655 | 7 |
_aHistorical fiction. _2gsafd |
|
| 700 | 1 |
_aDawson, Scott, _eillustrator. |
|
| 906 |
_a7 _bcbc _ccopycat _d2 _encip _f20 _gy-gencatlg |
||
| 942 |
_2ddc _cBK _n0 |
||
| 999 |
_c2266 _d2266 |
||